Um nó na cabeça (Record no. 124332)
[ view plain ]
| 000 -LÍDER | |
|---|---|
| campo de controle de tamanho fixo | 00841 a2200205 4500 |
| 001 - NÚMERO DE CONTROLE | |
| campo de controle | 124332 |
| 020 ## - ISBN - INTERNATIONAL STANDARD BOOK NUMBER | |
| ISBN - International Standard Book Number | 9788532279934 |
| 040 ## - FONTE DA CATALOGAÇÃO | |
| Instituição que transcreveu o registro | Escola Canadense de Niteroi |
| 090 ## - NÚMERO DE CHAMADA LOCAL | |
| Número de chamada (OCLC) (R); Número de chamada, CALL (RLIN) (NR) | STR - N1 |
| 100 ## - ENTRADA PRINCIPAL--NOME PESSOAL | |
| Nome pessoal | Strausz, Rosa Amanda |
| 245 10 - TÍTULO | |
| Título | Um nó na cabeça |
| 250 ## - EDIÇÃO | |
| Edição | 1. ed. |
| 260 ## - PUBLICAÇÃO, DISTRIBUIÇÃO, ETC. | |
| Local de publicação, distribuição, etc. | São Paulo |
| 300 ## - DESCRIÇÃO FÍSICA | |
| Extensão | 48 p. |
| Outros detalhes físicos | il. |
| Dimensões | 7 x 22.35 x 1.02 cm (capa dura) |
| 362 0# - DATAS DE PUBLICAÇÃO E/OU DESIGNAÇÃO SEQUENCIAL | |
| Datas de publicação e/ou designação sequencial | 2011 |
| 520 ## - NOTA DE RESUMO, ETC | |
| Resumo, etc. | O carneiro Tico tem um nó na cabeça que o faz ver as coisas de modo diferente dos outros. Ele não consegue seguir hábitos sem pensar. Seu ofício de pular cerca, para ajudar as pessoas a dormir, o leva até o menino Quim, que não consegue mais dormir, preocupado com as brigas de seus pais. No quarto de Quim, Tico descobre os lápis de cor e um novo talento! |
| 650 #4 - ASSUNTO--TERMO TÓPICO | |
| Cabeçalho tópico ou nome geográfico | Literatura Infantil |
| 650 #4 - ASSUNTO--TERMO TÓPICO | |
| Cabeçalho tópico ou nome geográfico | Descobertas |
| 942 ## - ELEMENTOS DE ENTRADA ADICIONADOS (KOHA) | |
| Tipo de material Koha | Livros |
| Situação do descarte | Situação das perdas | Situação física | Não pode ser emprestado | Biblioteca de origem | Biblioteca atual | Data de aquisição | Total de empréstimos | Número de chamada completo | Código de barras | Data de último acesso | Data do preço efetivo | Tipo de material Koha |
|---|---|---|---|---|---|---|---|---|---|---|---|---|
| Canadian School of Niterói - Piratininga | Canadian School of Niterói - Piratininga | 09/02/2024 | STR - N1 | A02546 | 09/02/2024 | 09/02/2024 | Livros |